000 00798pam a2200265 a 4500
008
020 _a0198513623 (hbk.)
049 _aMAIN
090 _aTA404.8
_bKEL
100 1 _aKelly, A.
245 1 0 _aStrong solids /
_cA. Kelly and N.H. Macmillan.
250 _a3rd ed.
260 _aOxford [Oxfordshire] :
_bClarendon Press,
_c1986.
300 _axiv, 423 p. :
_bill. ;
_c24 cm.
440 0 _aMonographs on the physics and chemistry of materials.
504 _aIncludes bibliographical references and indexes.
650 0 _aMaterials.
653 _aStrong solid materials
700 1 _aMacmillan, N.H.
907 _a.b10065714
_b09-05-13
_c17-04-03
003
005 20230123133241.0
040 _cNUST
942 _cBOOKS
_kTA404.8
_mKEL
999 _c145346
_d145346